<?xml version="1.0" encoding="UTF-8"?>
<marc:record xmlns:marc="http://www.loc.gov/MARC21/slim">
   <marc:leader>00000nam a2200000 a 4500</marc:leader>
   <marc:datafield ind1="1" ind2=" " tag="100">
      <marc:subfield code="a">Horowitz, Michael</marc:subfield>
      <marc:subfield code="4">aut</marc:subfield>
      <marc:subfield code="e">Verfasser/-in</marc:subfield>
   </marc:datafield>
   <marc:datafield ind1="1" ind2=" " tag="100">
      <marc:subfield code="a">Schenk, Otto</marc:subfield>
      <marc:subfield code="4">aut</marc:subfield>
      <marc:subfield code="e">Verfasser/-in</marc:subfield>
   </marc:datafield>
   <marc:datafield ind1=" " ind2=" " tag="653">
      <marc:subfield code="a">Wien</marc:subfield>
   </marc:datafield>
   <marc:datafield ind1=" " ind2=" " tag="653">
      <marc:subfield code="a">Lebensgeschichte</marc:subfield>
   </marc:datafield>
   <marc:datafield ind1=" " ind2=" " tag="653">
      <marc:subfield code="a">Theaterspielen</marc:subfield>
   </marc:datafield>
   <marc:datafield ind1=" " ind2=" " tag="653">
      <marc:subfield code="a">Schauspieler</marc:subfield>
   </marc:datafield>
   <marc:datafield ind1="0" ind2="0" tag="245">
      <marc:subfield code="a">Schenk  Das Buch</marc:subfield>
   </marc:datafield>
   <marc:datafield ind1="0" ind2="0" tag="245">
      <marc:subfield code="b">Ein intimes Lebensbild</marc:subfield>
   </marc:datafield>
   <marc:datafield ind1=" " ind2="1" tag="264">
      <marc:subfield code="a">Wien. Graz</marc:subfield>
      <marc:subfield code="b">Molden</marc:subfield>
      <marc:subfield code="c">2020</marc:subfield>
   </marc:datafield>
   <marc:datafield ind1="1" ind2=" " tag="520">
      <marc:subfield code="a">Angaben aus der Verlagsmeldung        Schenk. Das Buch : Ein intimes Lebensbild / von Michael Horowitz, Otto Schenk     Leidenschaft bestimmt seinen Beruf. Egal, ob Otto Schenk an der New Yorker Met inszeniert oder als Alleinunterhalter, Theaterdirektor und beeindruckender Menschendarsteller am Werk ist  er überzeugt durch seine einzigartige künstlerische Vielseitigkeit. Otti, wie ihn alle liebevoll nennen, erlebt als Opernregisseur eine Weltkarriere, er ist aber auch ein unerreichter Meister in der hohen Kunst des Blödelns. Otto Schenk und Michael Horowitz, seit mehr als 40 Jahren befreundet, zeigen in diesem intimen Lebensbild den Menschenfresser, der sein Publikum liebt, und jene privaten Momente des Lebens, die ihn berühren, glücklich und nachdenklich machen. Zuvor noch nie veröffentlichte Fotos präsentieren den großen Unterhalter Österreichs  und einen abseits der Bühne nachdenklichen Melancholiker.</marc:subfield>
   </marc:datafield>
   <marc:datafield ind1="3" ind2=" " tag="024">
      <marc:subfield code="a">9783222150470</marc:subfield>
   </marc:datafield>
   <marc:datafield ind1=" " ind2=" " tag="041">
      <marc:subfield code="a">ger</marc:subfield>
   </marc:datafield>
   <marc:datafield ind1=" " ind2=" " tag="300">
      <marc:subfield code="a">239 Seiten</marc:subfield>
   </marc:datafield>
</marc:record>
